000 00300nam a2200121 i 4500
001 bg
245 0 _aPrognoz izmenenij inżenerno-geologiczeskich uslonij pri stroitelstve.
260 _aMoskwa,
_c1990.
040 _cBPK
041 _apol
942 _cKS
008 s pl f |000 0 pol
999 _c29189
_d29189
856 _uhttp://koha.tu.koszalin.pl/cgi-bin/koha/opac-detail.pl?biblionumber=29189
_yKatalog online BPK